000 00612nam a2200241Ia 4500
003 OSt
005 20220924145542.0
006 a|||||r|||| 00| 0
007 ta
008 220923b |||||||| |||| 00| 0 tel d
020 _c45.00
024 _a329310
037 _cTextual
040 _aARTS
_cARTS
_btel
041 _2tel
_atel
082 _aNR22xL67:g, 35M8
100 _aSamanthakamani S. Au.
_9220041
245 0 _aTyagaraja Poetry
260 _c1988
650 _aMUSIC
_917402
942 _hNR22xL67:g, 35M8
_cTEXL
_2CC
999 _c460471
_d460471